Chemické experimenty vo vyučovaní

Bibliographic Details
Main Authors: Bellová, Renáta, 1969- (Author), Melicherčíková, Danica, 1950- (Author)
Format: Book
Language:Slovak
PhysicalDescription:117 s. fotogr., ilustr., tab. 21 cm
Published: Ružomberok Verbum 2011
ISBN:9788080846992
Edition:[1. vyd.]
Subjects:

MARC

LEADER 00000cam a2200000 a 4500
001 vtls010308772
003 SK-MaSNL
005 20260301032025.0
008 240318s2011 xo ola 000 0 slo
015 |a SNBA2011/09-05049 
020 |a 9788080846992  |q (brož.) 
035 |a 47B85A07-1BFB-46DF-AE05-F993579D7868 
035 |a urn:nbn:sk:snk-amjila 
035 |a urn:nbn:sk:snk-am001z0j 
040 |a SNK  |b slo  |c SNK  |e AACR2 
041 0 |a slo 
044 |a xo  |c SK 
072 7 |a 54  |x Chémia. Mineralogické vedy  |2 konspekt 
072 7 |a 37  |x Výchova a vzdelávanie  |2 konspekt 
080 |a 54  |2 2001 
080 |a 379.825  |2 2001 
080 |a 371.388  |2 2001 
080 |a 371.3  |2 2001 
080 |a 542.1  |2 2001 
080 |a 544.4  |2 2001 
080 |a 546-123  |2 2001 
080 |a 54-3  |2 2001 
080 |a (048.8)  |2 2001 
100 1 |a Bellová, Renáta,  |d 1969-  |4 aut  |9 251977 
245 1 0 |a Chemické experimenty vo vyučovaní  |c Renata Bellová, Danica Melicherčíková 
250 |a [1. vyd.] 
260 |a Ružomberok  |b Verbum  |c 2011 
300 |a 117 s.  |b fotogr., ilustr., tab.  |c 21 cm 
504 |a Bibliogr. s. 116-117 
650 0 7 |a chémia  |2 SNKPH  |9 749 
650 0 7 |a vedecké pokusy  |2 SNKPH  |9 69059 
650 0 7 |a školské pokusy  |2 SNKPH  |9 67841 
650 0 7 |a vyučovacie metódy  |2 SNKPH  |9 1521 
650 0 7 |a chemické laboratóriá  |2 SNKPH  |9 50206 
650 0 7 |a chemické reakcie  |2 SNKPH  |9 68996 
650 0 7 |a chemické prvky  |2 SNKPH  |9 69982 
650 0 7 |a chemické zlúčeniny  |2 SNKPH  |9 108183 
650 0 7 |a Chemistry  |2 SNKPHeng  |9 265248 
650 0 7 |a Experiments  |2 SNKPHeng  |9 328572 
650 0 7 |a School experiments  |2 SNKPHeng  |9 328573 
650 0 7 |a Teaching methods  |2 SNKPHeng  |9 286676 
650 0 7 |a Chemical laboratories  |2 SNKPHeng  |9 328574 
650 0 7 |a Chemical reactions  |2 SNKPHeng  |9 100691 
650 0 7 |a Chemical elements  |2 SNKPHeng  |9 328575 
650 0 7 |a Chemical compounds  |2 SNKPHeng  |9 325708 
655 7 |a monografie  |2 SNKPH  |9 70139 
655 7 |a Monographs  |2 SNKPHeng  |9 120675 
700 1 |a Melicherčíková, Danica,  |d 1950-  |4 aut  |9 10611 
852 |a Štátna vedecká knižnica v Banskej Bystrici 
919 |a 978-80-8084-699-2 
958 |a NB 
958 |a OND 
968 |d 53+54 
999 |c 577691  |d 579621 
952 |a SNK  |b SNK  |y PREZ  |7 0  |p 17A0717436  |o snkSC 146669  |i snk2011/18689  |8 0  |0 0  |1 0  |4 0  |d 2011-09-08  |l 0  |r 2025-07-15 00:00:00  |w 2026-02-23 
952 |a SNK  |b SNK  |y VYP  |7 0  |p 17A0717437  |o snkSC 146669 D1  |i snk2011/18690  |8 0  |0 0  |1 0  |4 0  |d 2011-09-08  |f 1  |l 0  |r 2026-02-23 14:38:57  |w 2026-02-23